ECONOMIC DESIGN OF MULTISTORIED BUILDING (Record no. 814591)

MARC details
000 -LEADER
fixed length control field 00373pam a2200157a 44500
008 - FIXED-LENGTH DATA ELEMENTS--GENERAL INFORMATION
fixed length control field 230405s1967 xxu||||| |||| 00| 0 eng d
041 ## - LANGUAGE CODE
Language code of text/sound track or separate title ENG
100 ## - MAIN ENTRY--PERSONAL NAME
Personal name GOVT. OF INDIA
245 ## - TITLE STATEMENT
Title ECONOMIC DESIGN OF MULTISTORIED BUILDING
250 ## - EDITION STATEMENT
Edition statement 1967
260 ## - PUBLICATION, DISTRIBUTION, ETC.
Place of publication, distribution, etc. MUMBAI
Name of publisher, distributor, etc. PRELIMINARY PUB
Date of publication, distribution, etc. 1967
300 ## - PHYSICAL DESCRIPTION
Extent P.B, 11
650 ## - SUBJECT ADDED ENTRY--TOPICAL TERM
Topical term or geographic name entry element CIVIL
690 ## - LOCAL SUBJECT ADDED ENTRY--TOPICAL TERM (OCLC, RLIN)
Topical term or geographic name as entry element CIVIL
906 ## - LOCAL DATA ELEMENT F, LDF (RLIN)
a 396
Holdings
Withdrawn status Lost status Damaged status Not for loan Collection Home library Current library Date acquired Total Checkouts Barcode Date last seen Price effective from Koha item type
          College of Engineering, Kolhapur College of Engineering, Kolhapur 16/11/2010   ECK-UG-1390 16/08/2023 16/08/2023 Book